00309nam a2200121Ia 4500008004100000082001500041100001300056245006200069250000800131260003200139300000800171650000800179191201s2006 xx 000 0 und d a331.1bMIC aMISHRA,L 0aCase Laws on Industrial Relations Issues and Implications a1st aN. DelhibExcel Booksc2006 a418 aMBA